Técnica frente a las objeciones (Registro nro. 18954)
[ vista simple ]
| 000 -ENCABEZADO | |
|---|---|
| Número de control [NR] | 00828nam a2200193Ia 4500 |
| 008 - DE LONGITUD FIJA DE DATOS DE ELEMENTOS - INFORMACIÓN GENERAL | |
| Elementos de longitud fija [NR] | 130821s xx gs mul |
| 040 ## - FUENTE DE CATALOGACION [NR] | |
| Agencia de catalogación original [NR] | Co-BoUCM |
| Idioma de catalogación [NR] | spa |
| 041 ## - CODIGO DE IDIOMA [R] | |
| Código de idioma para texto/pista de sonido o título separado [R] | |
| 092 ## - SIGNATURA TOPOGRAFICA LOCAL | |
| Número de clasificación local | CV 0089 |
| 092 ## - SIGNATURA TOPOGRAFICA LOCAL | |
| Número de clasificación local | DVD 1131 |
| 245 10 - MENCION DE TITULO [NR] | |
| Título [NR] | Técnica frente a las objeciones |
| Mención de responsabilidad, etc. [NR] | [videograbación] |
| 260 ## - PUBLICACION, DISTRIBUCION, ETC. (PIE DE IMPRENTA) [R] | |
| Lugar de publicación, distribución, etc. [R] | [Lugar desconocido] |
| Nombre del editor, distribuidor, etc. [R] | [Editorial desconocida] |
| Fecha de publicación, distribución, etc. [R] | [fecha desconocida] |
| 300 ## - DESCRIPCION FISICA [R] | |
| Extensión [R] | 1 videocasete beta 22 min. - vhs |
| Material acompañante [NR] | 1 DVD |
| 500 ## - NOTA GENERAL [R] | |
| Nota general [NR] | Para poder salir con éxito de las objeciones, es necesario, que el vendedor las domine. -- Objeción - apoyo. -- Conformidad y contraataque. -- preveer la objeción. -- Retrasar la respuesta. -- Negación de objeciones |
| 650 04 - ASIENTO SECUNDARIO DE MATERIA - TERMINO TEMATICO [R] | |
| 9 (RLIN) | 435 |
| Término temático o nombre geográfico como elemento de entrada [NR] | Administración de empresas |
| 650 04 - ASIENTO SECUNDARIO DE MATERIA - TERMINO TEMATICO [R] | |
| Término temático o nombre geográfico como elemento de entrada [NR] | Servicio al cliente |
| 9 (RLIN) | 24256 |
| 650 04 - ASIENTO SECUNDARIO DE MATERIA - TERMINO TEMATICO [R] | |
| Término temático o nombre geográfico como elemento de entrada [NR] | Ventas |
| 9 (RLIN) | 26141 |
| 942 ## - ELEMENTOS DE ENTRADA AGREGADOS (KOHA) | |
| Tipo de ítem principal el descrito en 300a | Multimedia |
| Sistema de clasificación | LOCAL |
| Tema principal | Administración |
| Edición | 1 |
| Fecha de último préstamo | Total préstamos | Código de barras | Última vez visto | Volúmen / Fascículo | Ejemplar | Price effective from | Tipo de ítem | Perdido | Sistema de clasificación | Dañado | No prestable | Tipo de ítem específico | Suprimido | Ubicación habitual | Ubicación actual | Localización | Fecha de creación | Forma de adquisición | Costo |
|---|---|---|---|---|---|---|---|---|---|---|---|---|---|---|---|---|---|---|---|
| 16/07/2012 | 100126027 | 29/08/2023 | DVD 1131 | Ej.3 | 03/02/2013 | Multimedia | DEWEY | DVD | Bodega | Bodega | Préstamo 4 días después de solicitado | 19/02/2013 | Donación | 0.00 | |||||
| 16/07/2012 | 100126028 | 10/12/2024 | DVD 1131 | Ej.4 | 03/02/2013 | Multimedia | DEWEY | DVD | Claustro | Claustro | Colección digital | 19/02/2013 | Donación | 0.00 | |||||
| 16/07/2012 | 100126025 | 09/12/2025 | DVD 1131 | Ej.1 | 03/02/2013 | Multimedia | LOCAL | Préstamo restringido | DVD | Procesos Técnicos | Procesos Técnicos (no para préstamo) | Procesos Técnicos | 19/02/2013 | Donación | 0.00 | ||||
| 16/07/2012 | 100126026 | 09/12/2025 | DVD 1131 | Ej.2 | 03/02/2013 | Multimedia | LOCAL | Préstamo restringido | DVD | Procesos Técnicos | Procesos Técnicos (no para préstamo) | Procesos Técnicos | 19/02/2013 | Donación | 0.00 |